De l'Esprit des Lois. Par Montesquieu, avec des notes de Voltaire, de Crevier, de Marly, de La Harpe, etc.
में बचाया:
| मुख्य लेखक: | |
|---|---|
| स्वरूप: | पुस्तक |
| भाषा: | फ़्रेंच |
| प्रकाशित: |
París
Garnier Frères
1840
|
| संस्करण: | 1a. ed |
| विषय: | |
| टैग: |
टैग जोड़ें
कोई टैग नहीं, इस रिकॉर्ड को टैग करने वाले पहले व्यक्ति बनें!
|
MARC
| LEADER | 00000nam a2200000 a 4500 | ||
|---|---|---|---|
| 001 | UCJ7385 | ||
| 003 | CL-VaPUC | ||
| 008 | 070124e18400000FR |||||||||||||||||fre|d | ||
| 082 | 0 | 4 | |a 321 |b MON |2 21 |
| 100 | |a Montesquieu, Charles Louis de Secondat, Barón de |e autor |9 515729 | ||
| 245 | 1 | 0 | |a De l'Esprit des Lois. Par Montesquieu, avec des notes de Voltaire, de Crevier, de Marly, de La Harpe, etc. |
| 246 | 1 | 0 | |a Défense de l'Esprit des Lois |
| 250 | |a 1a. ed | ||
| 300 | |a 680 p | ||
| 942 | |c BK | ||
| 945 | |d 20070124 00:00:00 |a rinostro | ||
| 260 | |a París |b Garnier Frères |c 1840 | ||
| 600 | 0 | 7 | |a VOLTAIRE, FRANÇOIS MARIE AROUET |2 CL-VaPUC |9 515730 |
| 650 | 7 | |a ILUSTRACION FRANCESA |2 CL-VaPUC |9 515731 | |
| 650 | 0 | |a Enciclopedistas |9 265709 | |
| 650 | 0 | |a Filosofía del derecho |9 255050 | |
| 583 | |a last modification |c 20070124 00:00:00 |k Rodrigo Vera | ||
| 999 | |c 323475 |d 323473 | ||
| 952 | |0 0 |1 0 |4 0 |6 321_000000000000000_MON_1840 |7 0 |8 X |9 403128 |a FDOBUD |b FDOBUD |d 2019-11-22 |i 1063081 |o 321 MON 1840 |p 1063081 |r 2019-11-22 |w 2019-11-22 |y BK_X |k BUD | ||